[Event "World Corporate East C"]
[Site "Chess.com INT"]
[Date "2021.02.19"]
[Round "1.4"]
[White "Garcia Chica, Eva Maria"]
[Black "Vasiljev, Vasily"]
[Result "0-1"]
[WhiteElo "1446"]
[BlackElo "2204"]
[PlyCount "106"]
[EventDate "2021.02.19"]
[EventType "team (rapid)"]
[EventRounds "7"]
[EventCountry "USA"]
[SourceTitle "EXT 2022"]
[Source "ChessBase"]
[SourceDate "2021.10.06"]
[SourceVersion "1"]
[SourceVersionDate "2021.10.06"]
[SourceQuality "1"]
[WhiteTeam "Airbus"]
[BlackTeam "Gazprom"]
[WhiteTeamCountry "ESP"]
[BlackTeamCountry "RUS"]

1. c4 Nf6 2. Nc3 g6 3. g3 Bg7 4. Bg2 0-0 5. Nf3 d6 6. 0-0 Nc6 7. d4 a6 8. Be3 Ng4 9. Bf4 Nxd4 10. Nxd4 e5 11. Bxe5 Nxe5 12. Nf3 Nxc4 13. Qc2 b5 14. Nd2 Nxd2 15. Qxd2 Rb8 16. Rad1 Be6 17. Nd5 c5 18. a3 a5 19. Nf4 Bb3 20. Rc1 a4 21. Bd5 Qf6 22. Bxb3 axb3 23. Rb1 Qd4 24. Rfd1 Qxd2 25. Rxd2 Be5 26. Nd5 Rfe8 27. e3 c4 28. f4 Bg7 29. Nc7 Rxe3 30. Rxd6 Re2 31. Rd5 Rxb2 32. Rxb2 Bxb2 33. Rxb5 Rxb5 34. Nxb5 c3 35. Nd4 c2 36. Nxb3 Bxa3 37. Kf2 c1Q 38. Nxc1 Bxc1 39. Kf3 Kg7 40. h3 Kf6 41. Ke4 Ba3 42. g4 Bc1 43. Kf3 g5 44. f5 Ke5 45. Ke2 Kf4 46. Kf2 Be3+ 47. Kg2 Bd4 48. Kh2 Kf3 49. Kh1 Be5 50. h4 Kxg4 51. Kg2 Kxh4 52. Kf3 g4+ 53. Kg2 Kg5 0-1

[Event "Madrid San Viator op-B 26th"]
[Site "Madrid"]
[Date "2016.05.15"]
[Round "6"]
[White "Garcia Chica, Eva Maria"]
[Black "Diaz del Prado, Carlos"]
[Result "0-1"]
[WhiteElo "1418"]
[BlackElo "1314"]
[PlyCount "78"]
[EventDate "2016.04.03"]
[EventType "swiss"]
[EventRounds "9"]
[EventCountry "ESP"]
[SourceTitle "EXT 2017"]
[Source "ChessBase"]
[SourceDate "2016.10.25"]
[SourceVersion "1"]
[SourceVersionDate "2016.10.25"]
[SourceQuality "1"]

1. e4 d6 2. d4 Nf6 3. f3 g6 4. c4 Bg7 5. Nc3 Nbd7 6. Be3 0-0 7. Qd2 e5 8. d5 a5 9. g4 Nc5 10. h4 c6 11. Bg5 cxd5 12. cxd5 Qc7 13. Bc4 Bd7 14. Nge2 Rab8 15. Bb5 Qb6 16. Bxd7 Nfxd7 17. Be3 Qd8 18. Nb5 Nf6 19. Bg5 Qd7 20. Qxa5 Nd3+ 21. Kd2 Nxb2 22. Qb4 h6 23. Be3 Rfc8 24. Qxb2 Rc4 25. Rac1 Rbc8 26. Rc3 Nxd5 27. Rxc4 Nxe3 28. Kxe3 Rxc4 29. Rc1 Rxc1 30. Nxc1 d5 31. exd5 Qxd5 32. Nd3 e4 33. Nb4 Qxb5 34. Qd2 exf3 35. Kxf3 Qf1+ 36. Qf2 Qd1+ 37. Qe2 Qh1+ 38. Kg3 Bd4 39. Qe8+ Kg7 0-1

[Event "Madrid Codes Memorial 8th"]
[Site "Madrid"]
[Date "2014.05.18"]
[Round "8"]
[White "Garcia Chica, Eva Maria"]
[Black "Del Val Moreno, Jose Antonio"]
[Result "0-1"]
[WhiteElo "1476"]
[BlackElo "1568"]
[PlyCount "65"]
[EventDate "2014.03.23"]
[EventType "swiss"]
[EventRounds "9"]
[EventCountry "ESP"]
[SourceTitle "EXT 2019"]
[Source "ChessBase"]
[SourceDate "2018.10.10"]
[SourceVersion "1"]
[SourceVersionDate "2018.10.10"]
[SourceQuality "1"]

1. d4 c5 2. Nf3 cxd4 3. Nxd4 Nc6 4. c3 g6 5. g3 Bg7 6. Bg2 Nf6 7. 0-0 0-0 8. Bf4 Qb6 9. Nxc6 dxc6 10. Qc2 Bg4 11. Re1 Rfd8 12. Nd2 Nd5 13. Bxd5 cxd5 14. Qb3 Qc6 15. Nf3 Bxf3 16. exf3 e6 17. Rad1 Rac8 18. Be5 Bxe5 19. Rxe5 b6 20. Re3 Qc4 21. Qa3 Rc7 22. Rd4 Qc5 23. Qb3 Rdc8 24. Red3 Qe7 25. Qd1 Rc4 26. Rxc4 Rxc4 27. Rd4 Qc5 28. Rxc4 Qxc4 29. a3 e5 30. b3 Qc5 31. Qd2 d4 32. b4 Qxc3 33. Qe1 0-1

[Event "Madrid San Viator op 21st"]
[Site "Madrid"]
[Date "2013.11.10"]
[Round "8"]
[White "Garcia Chica, Eva Maria"]
[Black "Alonso Vara, Laura"]
[Result "0-1"]
[WhiteElo "1644"]
[BlackElo "1573"]
[PlyCount "70"]
[EventDate "2013.09.29"]
[EventType "swiss"]
[EventRounds "9"]
[EventCountry "ESP"]
[SourceTitle "EXT 2015"]
[Source "ChessBase"]
[SourceDate "2014.11.20"]
[SourceVersion "1"]
[SourceVersionDate "2014.11.20"]
[SourceQuality "1"]

1. d4 d5 2. Bf4 e6 3. e3 Bd6 4. Bg3 f5 5. Nf3 Nf6 6. Be2 0-0 7. 0-0 Bxg3 8. fxg3 Qe8 9. Ne5 Nbd7 10. Nxd7 Bxd7 11. Nd2 Bb5 12. c4 dxc4 13. Nxc4 Nd5 14. Qd2 Qe7 15. a3 Qg5 16. Rf3 Nf6 17. Ne5 Bxe2 18. Qxe2 Ng4 19. Nxg4 fxg4 20. Rf4 h5 21. Raf1 Rxf4 22. Rxf4 Rf8 23. Qc4 Qg6 24. Qf1 Rxf4 25. gxf4 Qc2 26. Qf2 Qc1+ 27. Qf1 Qxe3+ 28. Qf2 Qc1+ 29. Qf1 Qxb2 30. Qc4 Qb6 31. f5 Qb1+ 32. Kf2 Qxf5+ 33. Kg3 c6 34. Qb4 g5 35. Qd6 h4# 0-1